| 000 | 00596nam a22001937a 4500 | ||
|---|---|---|---|
| 999 |
_c2112 _d2112 |
||
| 003 | AR-CdUCM | ||
| 008 | 190304b ||||| |||| 00| 0 spa d | ||
| 040 |
_aMUNICIPALIDAD PROVINCIAL DEL CUSCO _cBIBLIOTECA MUNICIPAL DEL CUSCO |
||
| 082 |
_a869.2 / _bM22 |
||
| 100 |
_aMansilla, Lucio V. _97627 |
||
| 245 |
_aEntre Nos : _bCausares de los Jueves / |
||
| 260 |
_aArgentina : _bUniversitaria de Buenos Aires ; _c1964. |
||
| 300 |
_a109 páginas _c18cm |
||
| 440 |
_aSerie del Nuevo Mundo _97628 |
||
| 505 | _aNovela | ||
| 650 |
_aLiteratura Argentina _984 |
||
| 942 |
_2ddc _cLIBROS |
||
| 945 | _anom | ||